Мир невидимых великанов: рассказ о молекулах-гигантах

Bibliografiske detaljer
Hovedforfatter: Эскин В. Е. Виктор Евсеевич
Sprog:russisk
Udgivet: Москва, Наука, 1976
Fag:
Format: Bog
KOHA link:https://koha.lib.tpu.ru/cgi-bin/koha/opac-detail.pl?biblionumber=112131

MARC

LEADER 00000nam0a2200000 4500
001 112131
005 20231031121341.0
035 |a (RuTPU)RU\TPU\book\121232 
090 |a 112131 
100 |a 20070323d1976 km y0rusy50 ca 
101 0 |a rus 
102 |a RU 
105 |a a z 000zy 
200 1 |a Мир невидимых великанов  |e рассказ о молекулах-гигантах  |f В. Е. Эскин 
210 |a Москва  |c Наука  |d 1976 
215 |a 191 с.  |c ил. 
610 1 |a молекулы 
610 1 |a полимеры 
610 1 |a синтетические полимеры 
610 1 |a физика 
610 1 |a макромолекулы 
675 |a 539.19  |v 3 
700 1 |a Эскин  |b В. Е.  |g Виктор Евсеевич 
801 1 |a RU  |b 63413507  |c 20070323  |g PSBO 
801 2 |a RU  |b 63413507  |c 20150313  |g PSBO 
942 |c BK